000
00340nam a2200133Ia 4500
008
240624s9999 xx 000 0 und d
041
_a
eng
082
_a
006.76 EVJ
100
_a
EVJEN BILL
245
_a
PROFESSIONAL ASP NET 2 0
260
_c
2006
_a
New Delhi
_b
Wiley Dreamtech India
300
_a
xxxi, : 1253 : p. : cm. ; 23
365
_c
RS
999
_c
3779
_d
3779